Najbogatsze miasta Polski w przeliczeniu na mieszkańca - Statystyki

Ogólne statystyki
  • Ten quiz został rozwiązany 67 razy
  • Średni wynik to 4 z 15
Statystyki odpowiedzi
Dochody per capita Miasto % Poprawnych
11677,95 zł Warszawa
100%
10758,88 zł Katowice
69%
15312,87 zł Sopot
59%
9699,77 zł Zielona Góra
34%
11538,22 zł Płock
32%
15195,35 zł Świnoujście
27%
10905,48 zł Olsztyn
25%
11162,68 zł Opole
25%
9966,57 zł Nowy Sącz
12%
9847,27 zł Konin
8%
9749,68 zł Przemyśl
8%
9803,09 zł Skierniewice
7%
10401,66 zł Zamość
7%
9725,07 zł Dąbrowa Górnicza
5%
10437,50 zł Krosno
3%
Nie znaleziono quizów pasujących do podanych kryteriów
Rozkład punktacji
Procent ludzi z każdym wynikiem
Percentyl według liczby udzielonych odpowiedzi
Twoja historia wyników
Nie rozwiązałeś tego quizu